| 000 | 00844cab a2200277 4500 | ||
|---|---|---|---|
| 001 | ABS46786 | ||
| 008 | 090401t1992 xxu||||| |||| 00| 0 eng d | ||
| 035 | _a(Sirsi) u59479 | ||
| 041 | _aeng | ||
| 100 | _aWalker, A.W. | ||
| 245 | _aDealing with noise at surface mineral workings. | ||
| 260 | _c1992 | ||
| 350 | _a0 | ||
| 490 |
_aCS Monthly : Minerals bulletin _v1(10) July 1992, 3-4(2) |
||
| 520 | _aExamines methods of assessing noise made by surface mineral workings and the calculation of future quarry noise levels. Also suggests ways of minimising this noise. | ||
| 650 | _aBRITISH STANDARDS | ||
| 650 | _aBS 4142 | ||
| 650 | _aBS 5228-1 | ||
| 650 | _aDIRECTIVE 86/662/EEC | ||
| 650 | _aMPG11 | ||
| 650 | _aNOISE LEVELS | ||
| 650 | _aQUARRYING | ||
| 690 | _aMINING AND MINERALS | ||
| 942 | _n0 | ||
| 948 | _c04/03/1997 | ||
| 999 |
_c36498 _d36498 |
||